The flowers of the forest

Guardat en:
Dades bibliogràfiques
Autor principal: Byrd, Elizabeth (Autor)
Format: Llibre
Idioma:anglès
Publicat: Londres Pan Books Ltd 1966
Edició:1a. ed
Matèries:
Etiquetes: Afegir etiqueta
Sense etiquetes, Sigues el primer a etiquetar aquest registre!

MARC

LEADER 00000cam a2200000 a 4500
001 UCF6165
003 CL-VaPUC
008 130418e19660000UK |||||||||||||||||eng|d
020 |a 0330024019 
082 0 4 |a 813  |b BYR  |2 21 
100 0 |a Byrd, Elizabeth  |e author  |9 568206 
245 1 4 |a The flowers of the forest 
250 |a 1a. ed 
300 |a 336 p 
942 |c BK 
945 |d 20130418 00:00:00  |a cmena 
260 |a Londres  |b Pan Books Ltd  |c 1966 
650 0 |a Novelas estadounidenses  |9 265217 
650 0 |a Novelas históricas   |9 342315 
650 0 |a Literatura estadounidense  |9 317168 
583 |a last modification  |c 20130418 10:21:00  |k Rodrigo Vera 
999 |c 351478  |d 351476 
952 |0 0  |1 0  |4 0  |6 813_000000000000000_BYR_1966  |7 0  |8 A  |9 455615  |a BIBEDU  |b BIBEDU  |d 2019-11-22  |i 4947231  |o 813 BYR 1966  |p 4947231  |r 2019-11-22  |w 2019-11-22  |y BK  |k LIT